000 01159nam0a2200325 4500
001 RU\NLR\BIBL_A\021964004
005 20230712141743.0
010 _a978-5-389-14253-4
_95000
021 _aRU
_bКН-П-23-031907
_9КН-П-23-3157
035 _a(NLR Aleph) 021964004
090 _a12331588
_c12331588
100 _a20230615d2023 u y0rusy50 ca
101 1 _arus
_ccat
102 _aRU
105 _ay z 000ay
181 0 _ai4
_baxxe
182 0 _an
200 1 _aЯ исповедуюсь
_e[роман]
_fЖауме Кабре
_gперевод с каталанского Екатерины Гущиной [и др.]
203 _aТекст
_bвизуальный
_cнепосредственный
210 _aСанкт-Петербург
_cАзбука
_cАзбука-Аттикус
_d2023
215 _a827, [3] с.
_d18
225 1 _aThe big book
333 _a16+
686 1 _aШ6(4Ис=К)07-4{Лх1590}
700 1 _7ca
_8rus
_aКабре
_bЖ.
_f1947-
_gЖауме
_9147513
_3RU\NLR\AUTH\770147549
942 _cBOOK
980 _aNB